| 000 | 00481cam a22001097a 4500 | ||
|---|---|---|---|
| 008 | 180718b1975 xxu||||| |||| 00| 0 eng d | ||
| 082 | _aT068x54 In2 | ||
| 245 |
_aTables with notes on household non-registered trade, no 207 _cby National Sample Survey Organisation. Department of Statistics. Ministry of Plannng |
||
| 260 |
_aNew Delhi _bGovernment of India _c1975 |
||
| 300 | _av.p. | ||
| 700 | _aIndia. National Sample Survey Organisation. Department of Statistics. Ministry of Planning | ||
| 999 |
_c497140 _d497140 |
||